UBT Library

Burian-von Noorden's Binocular vision and ocular motility : (Record no. 39326)

000 -LEADER
fixed length control field 00720cam a2200241 a 4500
001 - CONTROL NUMBER
control field 3315281
005 - DATE AND TIME OF LATEST TRANSACTION
control field 20171222065717.0
008 - FIXED-LENGTH DATA ELEMENTS--GENERAL INFORMATION
fixed length control field 841102s1985 moua b 001 0 eng c
010 ## - LIBRARY OF CONGRESS CONTROL NUMBER
LC control number 84025476
020 ## - INTERNATIONAL STANDARD BOOK NUMBER
International Standard Book Number 0801608996
040 ## - CATALOGING SOURCE
Original cataloging agency DNLM/DLC
Transcribing agency DLC
Modifying agency DLC
041 ## - LANGUAGE CODE
Language code of text/sound track or separate title eng
060 ## - NATIONAL LIBRARY OF MEDICINE CALL NUMBER
Classification number WW 415 B958b
080 ## - UNIVERSAL DECIMAL CLASSIFICATION NUMBER
Universal Decimal Classification number 617.762 NOO
082 00 - DEWEY DECIMAL CLASSIFICATION NUMBER
Classification number 617.762 NOO
Edition number 19
100 1# - Rafti
Rafti 8
101 ## - Shkurtesa
Shkurtesa OFT
245 10 - TITLE STATEMENT
Title Burian-von Noorden's Binocular vision and ocular motility :
Statement of responsibility, etc Gunter K. von Noorden.
504 ## - BIBLIOGRAPHY, ETC. NOTE
Bibliography, etc Includes bibliographies and index.
740 0# - ADDED ENTRY--UNCONTROLLED RELATED/ANALYTICAL TITLE
Uncontrolled related/analytical title Binocular vision and ocular motility.
906 ## - LOCAL DATA ELEMENT F, LDF (RLIN)
a 7
b cbc
c orignew
d 1
e ocip
f 19
g y-gencatlg
942 ## - ADDED ENTRY ELEMENTS (KOHA)
Source of classification or shelving scheme
Item type Books
Holdings
Withdrawn status Lost status Source of classification or shelving scheme Damaged status Not for loan Collection code Permanent location Current location Shelving location Date acquired Total Checkouts Full call number Barcode Date last seen Price effective from Koha item type
          Koleksioni i përgjithshem UBT - Lipjan UBT - Lipjan Koleksioni i përgjithshem 12/22/2017   617.762 NOO 002-2939930 12/22/2017 12/22/2017 Books
UBT Library © 2015-2024. All rights reserved University Education for Business and Technology